000 00448nmm a2200169Ia 4500
008 251105s9999||||xx |||||||||||||||||und||
020 _a9788467505580
041 _aspa
100 _aSierra i Fabra, Jordi
245 0 _aEl joven Lennon
264 _a[Madrid, España] :
_bGrupo SM,
_c2005
300 _a176 páginas
490 _aGran angular
650 _aBiography
856 _uhttps://public.digitaliapublishing.com/a/86073
942 _cCF
999 _c83738
_d83738